<?xml version="1.0" encoding="UTF-8"?>
<collection xmlns="http://www.loc.gov/MARC21/slim">
 <record>
  <leader>04237nam a22004697a 4500</leader>
  <controlfield tag="001">NCT_34826</controlfield>
  <controlfield tag="008">180510b        xxu||||| |||| 00| 0 vie d</controlfield>
  <datafield tag="999" ind1=" " ind2=" ">
   <subfield code="c">1681</subfield>
   <subfield code="d">1681</subfield>
  </datafield>
  <datafield tag="020" ind1=" " ind2=" ">
   <subfield code="c">40000</subfield>
  </datafield>
  <datafield tag="082" ind1="0" ind2="4">
   <subfield code="2">23rd ed.</subfield>
   <subfield code="a">615</subfield>
   <subfield code="b">D557</subfield>
  </datafield>
  <datafield tag="245" ind1="0" ind2="0">
   <subfield code="a">Dược lâm sàng</subfield>
   <subfield code="c">Nguyễn Năng An [et al.]</subfield>
  </datafield>
  <datafield tag="250" ind1=" " ind2=" ">
   <subfield code="a">Tái bản lần thứ nhất</subfield>
  </datafield>
  <datafield tag="260" ind1=" " ind2=" ">
   <subfield code="a">H.</subfield>
   <subfield code="b">Y học</subfield>
   <subfield code="c">1999</subfield>
  </datafield>
  <datafield tag="300" ind1=" " ind2=" ">
   <subfield code="a">325 tr.</subfield>
   <subfield code="b">Bảng</subfield>
   <subfield code="c">27cm</subfield>
  </datafield>
  <datafield tag="500" ind1=" " ind2=" ">
   <subfield code="a">ĐTTS ghi: Trường Đại học Dược Hà Nội</subfield>
  </datafield>
  <datafield tag="520" ind1="3" ind2=" ">
   <subfield code="a">Dược lâm sàng là một môn học của Ngành dược, nhằm tối ưu hóa việc sử dụng thuốc trong điều trị và phòng bệnh trên cở sở những kiến thức về dược và Y sinh học.</subfield>
  </datafield>
  <datafield tag="653" ind1=" " ind2=" ">
   <subfield code="a">Dược học</subfield>
  </datafield>
  <datafield tag="700" ind1="1" ind2=" ">
   <subfield code="a">Nguyễn Thành Đô</subfield>
  </datafield>
  <datafield tag="700" ind1="1" ind2=" ">
   <subfield code="a">Nguyễn Năng An</subfield>
  </datafield>
  <datafield tag="700" ind1="1" ind2=" ">
   <subfield code="a">Lê Đức Hinh</subfield>
  </datafield>
  <datafield tag="942" ind1=" " ind2=" ">
   <subfield code="2">ddc</subfield>
   <subfield code="c">BK</subfield>
  </datafield>
  <datafield tag="952" ind1=" " ind2=" ">
   <subfield code="0">0</subfield>
   <subfield code="1">0</subfield>
   <subfield code="2">ddc</subfield>
   <subfield code="4">0</subfield>
   <subfield code="6">615_000000000000000_D557</subfield>
   <subfield code="7">0</subfield>
   <subfield code="9">8002</subfield>
   <subfield code="a">000001</subfield>
   <subfield code="b">000001</subfield>
   <subfield code="d">2018-05-10</subfield>
   <subfield code="l">3</subfield>
   <subfield code="o">615 D557</subfield>
   <subfield code="p">MD.04681</subfield>
   <subfield code="r">2020-07-13</subfield>
   <subfield code="s">2020-06-22</subfield>
   <subfield code="v">40000.00</subfield>
   <subfield code="w">2018-05-10</subfield>
   <subfield code="y">BK</subfield>
  </datafield>
  <datafield tag="952" ind1=" " ind2=" ">
   <subfield code="0">0</subfield>
   <subfield code="1">0</subfield>
   <subfield code="2">ddc</subfield>
   <subfield code="4">0</subfield>
   <subfield code="6">615_000000000000000_D557</subfield>
   <subfield code="7">0</subfield>
   <subfield code="9">8003</subfield>
   <subfield code="a">000001</subfield>
   <subfield code="b">000001</subfield>
   <subfield code="d">2018-05-10</subfield>
   <subfield code="o">615 D557</subfield>
   <subfield code="p">MD.04682</subfield>
   <subfield code="r">2018-05-10</subfield>
   <subfield code="v">40000.00</subfield>
   <subfield code="w">2018-05-10</subfield>
   <subfield code="y">BK</subfield>
  </datafield>
  <datafield tag="952" ind1=" " ind2=" ">
   <subfield code="0">0</subfield>
   <subfield code="1">0</subfield>
   <subfield code="2">ddc</subfield>
   <subfield code="4">0</subfield>
   <subfield code="6">615_000000000000000_D557</subfield>
   <subfield code="7">0</subfield>
   <subfield code="9">8004</subfield>
   <subfield code="a">000001</subfield>
   <subfield code="b">000001</subfield>
   <subfield code="d">2018-05-10</subfield>
   <subfield code="l">3</subfield>
   <subfield code="o">615 D557</subfield>
   <subfield code="p">MD.04683</subfield>
   <subfield code="r">2020-11-16</subfield>
   <subfield code="s">2020-11-06</subfield>
   <subfield code="v">40000.00</subfield>
   <subfield code="w">2018-05-10</subfield>
   <subfield code="y">BK</subfield>
  </datafield>
  <datafield tag="952" ind1=" " ind2=" ">
   <subfield code="0">0</subfield>
   <subfield code="1">0</subfield>
   <subfield code="2">ddc</subfield>
   <subfield code="4">0</subfield>
   <subfield code="6">615_000000000000000_D557</subfield>
   <subfield code="7">0</subfield>
   <subfield code="9">8005</subfield>
   <subfield code="a">000001</subfield>
   <subfield code="b">000001</subfield>
   <subfield code="d">2018-05-10</subfield>
   <subfield code="l">1</subfield>
   <subfield code="o">615 D557</subfield>
   <subfield code="p">MD.09101</subfield>
   <subfield code="r">2018-05-18</subfield>
   <subfield code="s">2018-05-17</subfield>
   <subfield code="v">40000.00</subfield>
   <subfield code="w">2018-05-10</subfield>
   <subfield code="y">BK</subfield>
  </datafield>
  <datafield tag="952" ind1=" " ind2=" ">
   <subfield code="0">0</subfield>
   <subfield code="1">0</subfield>
   <subfield code="2">ddc</subfield>
   <subfield code="4">0</subfield>
   <subfield code="6">615_000000000000000_D557</subfield>
   <subfield code="7">0</subfield>
   <subfield code="9">8006</subfield>
   <subfield code="a">000001</subfield>
   <subfield code="b">000001</subfield>
   <subfield code="d">2018-05-10</subfield>
   <subfield code="l">1</subfield>
   <subfield code="o">615 D557</subfield>
   <subfield code="p">MD.04556</subfield>
   <subfield code="r">2018-09-28</subfield>
   <subfield code="s">2018-09-27</subfield>
   <subfield code="v">40000.00</subfield>
   <subfield code="w">2018-05-10</subfield>
   <subfield code="y">BK</subfield>
  </datafield>
  <datafield tag="952" ind1=" " ind2=" ">
   <subfield code="0">0</subfield>
   <subfield code="1">0</subfield>
   <subfield code="2">ddc</subfield>
   <subfield code="4">0</subfield>
   <subfield code="6">615_000000000000000_D557</subfield>
   <subfield code="7">0</subfield>
   <subfield code="9">8007</subfield>
   <subfield code="a">000001</subfield>
   <subfield code="b">000001</subfield>
   <subfield code="d">2018-05-10</subfield>
   <subfield code="o">615 D557</subfield>
   <subfield code="p">MD.04557</subfield>
   <subfield code="r">2018-05-10</subfield>
   <subfield code="v">40000.00</subfield>
   <subfield code="w">2018-05-10</subfield>
   <subfield code="y">BK</subfield>
  </datafield>
  <datafield tag="952" ind1=" " ind2=" ">
   <subfield code="0">0</subfield>
   <subfield code="1">0</subfield>
   <subfield code="2">ddc</subfield>
   <subfield code="4">0</subfield>
   <subfield code="6">615_000000000000000_D557</subfield>
   <subfield code="7">0</subfield>
   <subfield code="9">8008</subfield>
   <subfield code="a">000001</subfield>
   <subfield code="b">000001</subfield>
   <subfield code="d">2018-05-10</subfield>
   <subfield code="l">2</subfield>
   <subfield code="o">615 D557</subfield>
   <subfield code="p">MD.04558</subfield>
   <subfield code="r">2020-11-17</subfield>
   <subfield code="s">2020-11-04</subfield>
   <subfield code="v">40000.00</subfield>
   <subfield code="w">2018-05-10</subfield>
   <subfield code="y">BK</subfield>
  </datafield>
  <datafield tag="952" ind1=" " ind2=" ">
   <subfield code="0">0</subfield>
   <subfield code="1">0</subfield>
   <subfield code="2">ddc</subfield>
   <subfield code="4">0</subfield>
   <subfield code="6">615_000000000000000_D557</subfield>
   <subfield code="7">0</subfield>
   <subfield code="9">8009</subfield>
   <subfield code="a">000001</subfield>
   <subfield code="b">000001</subfield>
   <subfield code="d">2018-05-10</subfield>
   <subfield code="o">615 D557</subfield>
   <subfield code="p">MD.04559</subfield>
   <subfield code="r">2018-05-10</subfield>
   <subfield code="v">40000.00</subfield>
   <subfield code="w">2018-05-10</subfield>
   <subfield code="y">BK</subfield>
  </datafield>
  <datafield tag="952" ind1=" " ind2=" ">
   <subfield code="0">0</subfield>
   <subfield code="1">0</subfield>
   <subfield code="2">ddc</subfield>
   <subfield code="4">0</subfield>
   <subfield code="6">615_000000000000000_D557</subfield>
   <subfield code="7">0</subfield>
   <subfield code="9">8010</subfield>
   <subfield code="a">000001</subfield>
   <subfield code="b">000001</subfield>
   <subfield code="d">2018-05-10</subfield>
   <subfield code="l">1</subfield>
   <subfield code="m">1</subfield>
   <subfield code="o">615 D557</subfield>
   <subfield code="p">MD.04560</subfield>
   <subfield code="q">2022-03-02</subfield>
   <subfield code="r">2022-02-08</subfield>
   <subfield code="s">2022-02-08</subfield>
   <subfield code="v">40000.00</subfield>
   <subfield code="w">2018-05-10</subfield>
   <subfield code="y">BK</subfield>
  </datafield>
  <datafield tag="952" ind1=" " ind2=" ">
   <subfield code="0">0</subfield>
   <subfield code="1">0</subfield>
   <subfield code="2">ddc</subfield>
   <subfield code="4">0</subfield>
   <subfield code="6">615_000000000000000_D557</subfield>
   <subfield code="7">0</subfield>
   <subfield code="9">8011</subfield>
   <subfield code="a">000001</subfield>
   <subfield code="b">000001</subfield>
   <subfield code="d">2018-05-10</subfield>
   <subfield code="l">2</subfield>
   <subfield code="o">615 D557</subfield>
   <subfield code="p">MD.04546</subfield>
   <subfield code="r">2020-11-25</subfield>
   <subfield code="s">2020-11-06</subfield>
   <subfield code="v">400000.00</subfield>
   <subfield code="w">2018-05-10</subfield>
   <subfield code="y">BK</subfield>
  </datafield>
  <datafield tag="952" ind1=" " ind2=" ">
   <subfield code="0">0</subfield>
   <subfield code="1">0</subfield>
   <subfield code="2">ddc</subfield>
   <subfield code="4">0</subfield>
   <subfield code="6">615_000000000000000_D557</subfield>
   <subfield code="7">0</subfield>
   <subfield code="9">8012</subfield>
   <subfield code="a">000001</subfield>
   <subfield code="b">000001</subfield>
   <subfield code="d">2018-05-10</subfield>
   <subfield code="o">615 D557</subfield>
   <subfield code="p">MD.04547</subfield>
   <subfield code="r">2018-05-10</subfield>
   <subfield code="v">400000.00</subfield>
   <subfield code="w">2018-05-10</subfield>
   <subfield code="y">BK</subfield>
  </datafield>
  <datafield tag="952" ind1=" " ind2=" ">
   <subfield code="0">0</subfield>
   <subfield code="1">0</subfield>
   <subfield code="2">ddc</subfield>
   <subfield code="4">0</subfield>
   <subfield code="6">615_000000000000000_D557</subfield>
   <subfield code="7">0</subfield>
   <subfield code="9">8013</subfield>
   <subfield code="a">000001</subfield>
   <subfield code="b">000001</subfield>
   <subfield code="d">2018-05-10</subfield>
   <subfield code="l">1</subfield>
   <subfield code="o">615 D557</subfield>
   <subfield code="p">MD.04548</subfield>
   <subfield code="r">2019-11-21</subfield>
   <subfield code="s">2019-11-06</subfield>
   <subfield code="v">400000.00</subfield>
   <subfield code="w">2018-05-10</subfield>
   <subfield code="y">BK</subfield>
  </datafield>
  <datafield tag="952" ind1=" " ind2=" ">
   <subfield code="0">0</subfield>
   <subfield code="1">0</subfield>
   <subfield code="2">ddc</subfield>
   <subfield code="4">0</subfield>
   <subfield code="6">615_000000000000000_D557</subfield>
   <subfield code="7">0</subfield>
   <subfield code="9">8014</subfield>
   <subfield code="a">000001</subfield>
   <subfield code="b">000001</subfield>
   <subfield code="d">2018-05-10</subfield>
   <subfield code="l">4</subfield>
   <subfield code="o">615 D557</subfield>
   <subfield code="p">MD.04549</subfield>
   <subfield code="r">2020-07-15</subfield>
   <subfield code="s">2020-07-01</subfield>
   <subfield code="v">400000.00</subfield>
   <subfield code="w">2018-05-10</subfield>
   <subfield code="y">BK</subfield>
  </datafield>
  <datafield tag="952" ind1=" " ind2=" ">
   <subfield code="0">0</subfield>
   <subfield code="1">0</subfield>
   <subfield code="2">ddc</subfield>
   <subfield code="4">0</subfield>
   <subfield code="6">615_000000000000000_D557</subfield>
   <subfield code="7">0</subfield>
   <subfield code="9">8015</subfield>
   <subfield code="a">000001</subfield>
   <subfield code="b">000001</subfield>
   <subfield code="d">2018-05-10</subfield>
   <subfield code="l">2</subfield>
   <subfield code="o">615 D557</subfield>
   <subfield code="p">MD.04550</subfield>
   <subfield code="r">2019-09-13</subfield>
   <subfield code="s">2019-08-30</subfield>
   <subfield code="v">400000.00</subfield>
   <subfield code="w">2018-05-10</subfield>
   <subfield code="y">BK</subfield>
  </datafield>
  <datafield tag="952" ind1=" " ind2=" ">
   <subfield code="0">0</subfield>
   <subfield code="1">0</subfield>
   <subfield code="2">ddc</subfield>
   <subfield code="4">0</subfield>
   <subfield code="6">615_000000000000000_D557</subfield>
   <subfield code="7">0</subfield>
   <subfield code="9">8016</subfield>
   <subfield code="a">000001</subfield>
   <subfield code="b">000001</subfield>
   <subfield code="d">2018-05-10</subfield>
   <subfield code="l">3</subfield>
   <subfield code="o">615 D557</subfield>
   <subfield code="p">MD.04551</subfield>
   <subfield code="r">2020-09-03</subfield>
   <subfield code="s">2020-08-19</subfield>
   <subfield code="v">400000.00</subfield>
   <subfield code="w">2018-05-10</subfield>
   <subfield code="y">BK</subfield>
  </datafield>
  <datafield tag="952" ind1=" " ind2=" ">
   <subfield code="0">0</subfield>
   <subfield code="1">0</subfield>
   <subfield code="2">ddc</subfield>
   <subfield code="4">0</subfield>
   <subfield code="6">615_000000000000000_D557</subfield>
   <subfield code="7">0</subfield>
   <subfield code="9">8017</subfield>
   <subfield code="a">000001</subfield>
   <subfield code="b">000001</subfield>
   <subfield code="d">2018-05-10</subfield>
   <subfield code="o">615 D557</subfield>
   <subfield code="p">MD.04552</subfield>
   <subfield code="r">2018-05-10</subfield>
   <subfield code="v">400000.00</subfield>
   <subfield code="w">2018-05-10</subfield>
   <subfield code="y">BK</subfield>
  </datafield>
  <datafield tag="952" ind1=" " ind2=" ">
   <subfield code="0">0</subfield>
   <subfield code="1">0</subfield>
   <subfield code="2">ddc</subfield>
   <subfield code="4">0</subfield>
   <subfield code="6">615_000000000000000_D557</subfield>
   <subfield code="7">0</subfield>
   <subfield code="9">8018</subfield>
   <subfield code="a">000001</subfield>
   <subfield code="b">000001</subfield>
   <subfield code="d">2018-05-10</subfield>
   <subfield code="l">1</subfield>
   <subfield code="o">615 D557</subfield>
   <subfield code="p">MD.04553</subfield>
   <subfield code="r">2020-07-06</subfield>
   <subfield code="s">2020-06-22</subfield>
   <subfield code="v">400000.00</subfield>
   <subfield code="w">2018-05-10</subfield>
   <subfield code="y">BK</subfield>
  </datafield>
  <datafield tag="952" ind1=" " ind2=" ">
   <subfield code="0">0</subfield>
   <subfield code="1">0</subfield>
   <subfield code="2">ddc</subfield>
   <subfield code="4">0</subfield>
   <subfield code="6">615_000000000000000_D557</subfield>
   <subfield code="7">0</subfield>
   <subfield code="9">8019</subfield>
   <subfield code="a">000001</subfield>
   <subfield code="b">000001</subfield>
   <subfield code="d">2018-05-10</subfield>
   <subfield code="l">2</subfield>
   <subfield code="o">615 D557</subfield>
   <subfield code="p">MD.04554</subfield>
   <subfield code="r">2020-11-06</subfield>
   <subfield code="s">2020-11-04</subfield>
   <subfield code="v">400000.00</subfield>
   <subfield code="w">2018-05-10</subfield>
   <subfield code="y">BK</subfield>
  </datafield>
  <datafield tag="952" ind1=" " ind2=" ">
   <subfield code="0">0</subfield>
   <subfield code="1">0</subfield>
   <subfield code="2">ddc</subfield>
   <subfield code="4">0</subfield>
   <subfield code="6">615_000000000000000_D557</subfield>
   <subfield code="7">0</subfield>
   <subfield code="9">18002</subfield>
   <subfield code="a">000001</subfield>
   <subfield code="b">000001</subfield>
   <subfield code="d">2019-09-24</subfield>
   <subfield code="l">1</subfield>
   <subfield code="o">615 D557</subfield>
   <subfield code="p">MD.16112</subfield>
   <subfield code="r">2020-07-06</subfield>
   <subfield code="s">2020-06-22</subfield>
   <subfield code="v">40000.00</subfield>
   <subfield code="w">2019-09-24</subfield>
   <subfield code="y">BK</subfield>
  </datafield>
  <datafield tag="952" ind1=" " ind2=" ">
   <subfield code="0">0</subfield>
   <subfield code="1">0</subfield>
   <subfield code="2">ddc</subfield>
   <subfield code="4">0</subfield>
   <subfield code="6">615_000000000000000_D557</subfield>
   <subfield code="7">0</subfield>
   <subfield code="9">19657</subfield>
   <subfield code="a">000001</subfield>
   <subfield code="b">000001</subfield>
   <subfield code="d">2020-06-08</subfield>
   <subfield code="l">2</subfield>
   <subfield code="o">615 D557</subfield>
   <subfield code="p">MD.04555</subfield>
   <subfield code="r">2020-09-16</subfield>
   <subfield code="s">2020-09-10</subfield>
   <subfield code="v">40000.00</subfield>
   <subfield code="w">2020-06-08</subfield>
   <subfield code="y">BK</subfield>
  </datafield>
  <datafield tag="980" ind1=" " ind2=" ">
   <subfield code="a">Thư viện Trường Đại học Nam Cần Thơ</subfield>
  </datafield>
 </record>
</collection>
